Cases in strategic management (Record no. 79198)

MARC details
000 -LEADER
fixed length control field 00868nam a2200181 a 4500
008 - FIXED-LENGTH DATA ELEMENTS--GENERAL INFORMATION
fixed length control field 120416s1999 ||||||||||||||||| || u
020 ## - INTERNATIONAL STANDARD BOOK NUMBER
International Standard Book Number 0074620975
050 ## - LIBRARY OF CONGRESS CALL NUMBER
Classification number HD 31 Bud
100 ## - MAIN ENTRY--PERSONAL NAME
Personal name Budhiraja, S. B
245 10 - TITLE STATEMENT
Title Cases in strategic management
260 ## - PUBLICATION, DISTRIBUTION, ETC.
Place of publication, distribution, etc. New Delhi
Name of publisher, distributor, etc. Tata McGraw-Hill
Date of publication, distribution, etc. 1999
350 ## -
-- 0.00
650 #0 - SUBJECT ADDED ENTRY--TOPICAL TERM
Topical term or geographic name entry element MANAGEMENT
650 ## - SUBJECT ADDED ENTRY--TOPICAL TERM
Topical term or geographic name entry element STRATEGIC MANAGEMENT
995 ## -
-- MAIN LIBRARY OPEN ACCESS
-- 0.00
-- 732987
-- CBU-MAIN LIBRARY (Kitwe)
-- 3
-- 0.00
-- HD 31 Bud
-- 3
-- AVAILABLE
-- 029741
-- Main Library Open Access Collection
995 ## -
-- MAIN LIBRARY OPEN ACCESS
-- 0.00
-- 732986
-- CBU-MAIN LIBRARY (Kitwe)
-- 1
-- 0.00
-- HD 31 Bud
-- 1
-- AVAILABLE
-- May 19, 2006
-- 029739
-- Main Library Open Access Collection
995 ## -
-- MAIN LIBRARY OPEN ACCESS
-- 0.00
-- 732985
-- CBU-MAIN LIBRARY (Kitwe)
-- 2
-- 0.00
-- HD 31 Bud
-- 2
-- AVAILABLE
-- 029740
-- Main Library Open Access Collection
999 ## -
-- 79198
-- 79198

No items available.